Úlohy a postavenie marketingu v knižniciach v prostredí novej ekonomiky

Analýza a posúdenie situácie využívania nástrojov marketingu, predovšetkým marketingovej komunikácie v organizáciách poskytujúcich knižničné a informačné služby. Nepriaznivá finančná situácia v týchto organizáciách, ale negatívnu rolu často zohráva aj ľudský faktor, knihovnícky personál so svojimi o...

Full description

Saved in:
Bibliographic Details
Main Author: Loydlová, Miroslava
Format: Book Chapter
Language:Slovak
Subjects:
Tags: Add Tag
No Tags, Be the first to tag this record!

MARC

LEADER 00000naa$a2200000$$$4500
001 0069612
005 20240502071836.1
041 0 |a slo 
044 |a SK 
245 1 0 |a Úlohy a postavenie marketingu v knižniciach v prostredí novej ekonomiky  |c Miroslava Loydlová 
520 |a Analýza a posúdenie situácie využívania nástrojov marketingu, predovšetkým marketingovej komunikácie v organizáciách poskytujúcich knižničné a informačné služby. Nepriaznivá finančná situácia v týchto organizáciách, ale negatívnu rolu často zohráva aj ľudský faktor, knihovnícky personál so svojimi obavami z nových metód práce, technológií a neochotou prispôsobovať sa dynamicky sa meniacim trendom v prostredí, ktoré ich obklopuje. 
610 2 0 |a informácie 
610 2 0 |a služby 
610 2 0 |a knižnice 
610 2 0 |a marketing 
100 1 |a Loydlová, Miroslava